Comprehensive Medical Surgical Nursing Part- A (Record no. 355979)
[ view plain ]
| 000 -LEADER | |
|---|---|
| fixed length control field | 00463nam a22001697a 4500 |
| 005 - DATE AND TIME OF LATEST TRANSACTION | |
| control field | 20230918171305.0 |
| 008 - FIXED-LENGTH DATA ELEMENTS--GENERAL INFORMATION | |
| fixed length control field | 230829b |||||||| |||| 00| 0 eng d |
| 020 ## - INTERNATIONAL STANDARD BOOK NUMBER | |
| International Standard Book Number | 978-93-81390-49-8 |
| 041 ## - LANGUAGE CODE | |
| Language code of text/sound track or separate title | Eng |
| 082 ## - DEWEY DECIMAL CLASSIFICATION NUMBER | |
| Classification number | MS/610.73677/ANS/DB1157 |
| 100 ## - MAIN ENTRY--PERSONAL NAME | |
| Author | Ansari Javed |
| 245 ## - TITLE STATEMENT | |
| Title | Comprehensive Medical Surgical Nursing Part- A |
| 260 ## - PUBLICATION, DISTRIBUTION, ETC. | |
| Name of publisher, distributor, etc. | S.Vikas and Company (Medical Publisher) |
| Date of publication, distribution, etc. | 2022 |
| Place of publication, distribution, etc. | Jalandhar |
| 300 ## - PHYSICAL DESCRIPTION | |
| Extent | 935p |
| 365 ## - TRADE PRICE | |
| Price amount | 1500.00 |
| 942 ## - ADDED ENTRY ELEMENTS (KOHA) | |
| Koha item type | Donated Book |
| Withdrawn status | Lost status | Source of classification or shelving scheme | Damaged status | Not for loan | Home library | Current library | Date acquired | Net Price | Bill number | Total Checkouts | Total Renewals | Full call number | Barcode | Date last seen | Date last checked out | Bill Date | Koha item type | Original Barcode |
|---|---|---|---|---|---|---|---|---|---|---|---|---|---|---|---|---|---|---|
| Dewey Decimal Classification | Smt. Bakul Tambat Institute of Nursing Education | Smt. Bakul Tambat Institute of Nursing Education | 29/08/2023 | 1500.00 | 65 | 26 | 20 | MS 610.73677 ANS DB1157 | BTIN-DB-1157 | 29/07/2025 | 28/07/2025 | 29/08/2023 | Donated Book | DB1157 |